[Event "blitmenteam"]
[Site "?"]
[Date "2016.10.07"]
[Round "4.9"]
[White "Kurbedinov, Ramis"]
[Black "Fedoseev, Vladimir"]
[Result "1/2-1/2"]
[LiveChessVersion "1.4.4"]
[BlackElo "2702"]
[WhiteElo "2263"]

1. d4 {[%clk 0:03:03]} Nf6 {[%clk 0:03:02]} 2. c4 {[%clk 0:03:03]} c5
{[%clk 0:03:02]} 3. d5 {[%clk 0:03:04]} e6 {[%clk 0:03:02]} 4. Nc3
{[%clk 0:03:05]} exd5 {[%clk 0:03:02]} 5. cxd5 {[%clk 0:03:06]} d6
{[%clk 0:03:01]} 6. Nf3 {[%clk 0:03:07]} a6 {[%clk 0:03:02]} 7. a4
{[%clk 0:03:02]} Bf5 {[%clk 0:03:03]} 8. Nd2 {[%clk 0:02:50]} Qe7
{[%clk 0:03:00]} 9. g3 {[%clk 0:02:39]} h5 {[%clk 0:02:58]} 10. h3
{[%clk 0:02:37]} g6 {[%clk 0:02:32]} 11. Bg2 {[%clk 0:02:37]} Bg7
{[%clk 0:02:34]} 12. O-O {[%clk 0:02:32]} Qd7 {[%clk 0:02:34]} 13. h4
{[%clk 0:02:01]} O-O {[%clk 0:02:29]} 14. Nc4 {[%clk 0:01:59]} Qc7
{[%clk 0:02:21]} 15. Bf4 {[%clk 0:01:52]} Ne8 {[%clk 0:02:22]} 16. e4
{[%clk 0:01:51]} Bg4 {[%clk 0:02:23]} 17. f3 {[%clk 0:01:42]} Bc8
{[%clk 0:02:22]} 18. Bg5 {[%clk 0:01:22]} b6 {[%clk 0:02:19]} 19. a5
{[%clk 0:01:11]} bxa5 {[%clk 0:02:16]} 20. Nxa5 {[%clk 0:01:10]} Nf6
{[%clk 0:02:12]} 21. Kh2 {[%clk 0:01:05]} Nbd7 {[%clk 0:02:09]} 22. Nc6
{[%clk 0:01:04]} Bb7 {[%clk 0:02:09]} 23. Na5 {[%clk 0:00:51]} Rfb8
{[%clk 0:02:08]} 24. Bf4 {[%clk 0:00:38]} Ne8 {[%clk 0:02:04]} 25. Nc4
{[%clk 0:00:36]} Nb6 {[%clk 0:02:04]} 26. Na5 {[%clk 0:00:32]} Nf6
{[%clk 0:01:57]} 27. Qd2 {[%clk 0:00:33]} Nfd7 {[%clk 0:01:57]} 28. Ra2
{[%clk 0:00:27]} Ne5 {[%clk 0:01:57]} 29. Bxe5 {[%clk 0:00:24]} Bxe5
{[%clk 0:01:57]} 30. f4 {[%clk 0:00:24]} Bg7 {[%clk 0:01:55]} 31. e5
{[%clk 0:00:24]} f5 {[%clk 0:01:35]} 32. Nc6 {[%clk 0:00:21]} Re8
{[%clk 0:01:31]} 33. e6 {[%clk 0:00:22]} Bxc3 {[%clk 0:00:56]} 34. bxc3
{[%clk 0:00:21]} Bxc6 {[%clk 0:00:57]} 35. dxc6 {[%clk 0:00:23]} Rxe6
{[%clk 0:00:44]} 36. Bd5 {[%clk 0:00:23]} Nxd5 37. Qxd5 {[%clk 0:00:24]} Qf7
{[%clk 0:00:46]} 38. Rd1 {[%clk 0:00:19]} a5 {[%clk 0:00:41]} 39. c7
{[%clk 0:00:17]} Rc8 {[%clk 0:00:41]} 40. Rxa5 {[%clk 0:00:17]} Rxc7
{[%clk 0:00:39]} 41. Ra8+ {[%clk 0:00:18]} Kg7 {[%clk 0:00:39]} 42. Kh3
{[%clk 0:00:17]} Rb7 {[%clk 0:00:31]} 43. Rd8 {[%clk 0:00:16]} Rb2
{[%clk 0:00:30]} 44. Rxd6 {[%clk 0:00:14]} Ree2 {[%clk 0:00:07]} 45. Qxf7+
{[%clk 0:00:15]} Kxf7 {[%clk 0:00:08]} 46. Rd7+ {[%clk 0:00:16]} Re7
{[%clk 0:00:09]} 47. Rxe7+ Kxe7 {[%clk 0:00:10]} 48. Rd5 {[%clk 0:00:16]} Rb5
{[%clk 0:00:09]} 49. c4 {[%clk 0:00:17]} Ra5 {[%clk 0:00:10]} 50. Kg2
{[%clk 0:00:17]} Ke6 {[%clk 0:00:11]} 51. Kh3 {[%clk 0:00:17]} Ke7
{[%clk 0:00:10]} 52. Kg2 {[%clk 0:00:19]} Ke6 {[%clk 0:00:09]} 1/2-1/2

[Event "blitmenteam"]
[Site "?"]
[Date "2016.10.07"]
[Round "4.10"]
[White "Chigaev, Maksim"]
[Black "Iljin, Timofey"]
[Result "1-0"]
[LiveChessVersion "1.4.4"]
[BlackElo "2398"]
[WhiteElo "2563"]

1. f4 {[%clk 0:03:03]} d5 {[%clk 0:03:01]} 2. Nf3 g6 3. g3 {[%clk 0:03:05]} Bg7
{[%clk 0:03:02]} 4. Bg2 {[%clk 0:03:07]} Nf6 {[%clk 0:02:58]} 5. O-O
{[%clk 0:03:07]} O-O {[%clk 0:02:58]} 6. d3 {[%clk 0:03:09]} Nc6 {[%clk 0:02:56]}
7. c3 {[%clk 0:03:02]} Qd6 {[%clk 0:02:56]} 8. Kh1 {[%clk 0:03:02]} e5
{[%clk 0:02:53]} 9. fxe5 {[%clk 0:02:52]} Nxe5 {[%clk 0:02:54]} 10. Bf4
{[%clk 0:02:52]} Nh5 {[%clk 0:02:53]} 11. d4 {[%clk 0:02:52]} Nxf4
{[%clk 0:02:42]} 12. dxe5 {[%clk 0:02:53]} Qb6 {[%clk 0:02:15]} 13. gxf4
{[%clk 0:02:51]} Qxb2 {[%clk 0:02:16]} 14. Qb3 {[%clk 0:02:45]} Qxe2
{[%clk 0:02:12]} 15. Nd4 {[%clk 0:02:37]} Qh5 {[%clk 0:01:47]} 16. Qxd5
{[%clk 0:02:35]} c6 {[%clk 0:01:48]} 17. Qf3 {[%clk 0:02:33]} Bg4
{[%clk 0:01:49]} 18. Qg3 {[%clk 0:02:33]} Rad8 {[%clk 0:01:46]} 19. Bf3
{[%clk 0:02:30]} Bxf3+ 20. Qxf3 {[%clk 0:02:31]} Qh4 {[%clk 0:01:47]} 21. Nd2
{[%clk 0:02:20]} c5 {[%clk 0:01:48]} 22. N4b3 {[%clk 0:02:22]} b6
{[%clk 0:01:47]} 23. Ne4 {[%clk 0:02:22]} f6 {[%clk 0:01:40]} 24. exf6
{[%clk 0:01:39]} Bxf6 {[%clk 0:01:42]} 25. Rad1 {[%clk 0:01:39]} Rxd1
{[%clk 0:01:40]} 26. Qxd1 {[%clk 0:01:34]} Rd8 {[%clk 0:01:30]} 27. Qe2
{[%clk 0:01:27]} Kg7 {[%clk 0:01:07]} 28. Nbd2 {[%clk 0:01:22]} Re8
{[%clk 0:00:58]} 29. Qg2 {[%clk 0:01:20]} Qh5 {[%clk 0:00:44]} 30. Nxf6
{[%clk 0:01:15]} Kxf6 {[%clk 0:00:45]} 31. Ne4+ {[%clk 0:01:16]} Kg7
{[%clk 0:00:46]} 32. f5 {[%clk 0:01:14]} Qh4 {[%clk 0:00:44]} 33. f6+
{[%clk 0:01:11]} Kf8 {[%clk 0:00:45]} 34. Ng5 {[%clk 0:01:08]} Qc4
{[%clk 0:00:05]} 35. Nxh7+ {[%clk 0:01:04]} Kf7 {[%clk 0:00:07]} 36. Ng5+ Kf8 37.
f7 {[%clk 0:01:02]} Rd8 {[%clk 0:00:06]} 38. Nh7+ {[%clk 0:01:00]} Kg7
{[%clk 0:00:08]} 39. f8=Q+ {[%clk 0:00:59]} Rxf8 {[%clk 0:00:08]} 40. Nxf8
{[%clk 0:00:59]} 1-0

[Event "blitmenteam"]
[Site "?"]
[Date "2016.10.07"]
[Round "4.11"]
[White "Derjabin, Ilja"]
[Black "Predke, Alexandr"]
[Result "0-1"]
[LiveChessVersion "1.4.4"]
[BlackElo "2500"]
[WhiteElo "2400"]

1. d4 {[%clk 0:03:03]} Nf6 {[%clk 0:03:03]} 2. c4 {[%clk 0:03:05]} e6
{[%clk 0:03:05]} 3. Nc3 {[%clk 0:03:06]} Bb4 {[%clk 0:03:06]} 4. f3
{[%clk 0:03:07]} O-O {[%clk 0:02:57]} 5. a3 {[%clk 0:03:08]} Bxc3+
{[%clk 0:02:53]} 6. bxc3 {[%clk 0:03:09]} d5 {[%clk 0:02:45]} 7. e3
{[%clk 0:03:08]} b6 {[%clk 0:02:32]} 8. cxd5 {[%clk 0:03:08]} exd5
{[%clk 0:02:33]} 9. Bd3 {[%clk 0:03:09]} c5 {[%clk 0:02:24]} 10. Ne2
{[%clk 0:03:10]} Ba6 {[%clk 0:02:25]} 11. Bxa6 {[%clk 0:03:10]} Nxa6
{[%clk 0:02:26]} 12. O-O {[%clk 0:03:11]} Re8 {[%clk 0:02:26]} 13. g4
{[%clk 0:03:07]} Nc7 {[%clk 0:02:14]} 14. Ra2 {[%clk 0:03:05]} Rc8
{[%clk 0:02:14]} 15. Ng3 {[%clk 0:03:06]} Nb5 {[%clk 0:02:12]} 16. Qd3
{[%clk 0:03:03]} Nd6 {[%clk 0:02:05]} 17. Nf5 {[%clk 0:02:52]} Nxf5
{[%clk 0:01:59]} 18. gxf5 {[%clk 0:02:53]} cxd4 {[%clk 0:01:42]} 19. cxd4
{[%clk 0:02:37]} Qc7 {[%clk 0:01:43]} 20. Rg2 {[%clk 0:02:34]} Qc3
{[%clk 0:01:06]} 21. Qe2 {[%clk 0:02:35]} Rc6 {[%clk 0:01:07]} 22. Qf2
{[%clk 0:02:20]} Qxc1 {[%clk 0:01:07]} 23. Rxg7+ {[%clk 0:02:09]} Kxg7
{[%clk 0:01:06]} 24. Rxc1 {[%clk 0:02:08]} Rxc1+ {[%clk 0:01:07]} 25. Kg2
{[%clk 0:02:09]} Rg8 {[%clk 0:00:49]} 26. Qh4 {[%clk 0:02:01]} Kf8+
{[%clk 0:00:50]} 27. Kh3 {[%clk 0:02:02]} Ke7 {[%clk 0:00:43]} 28. Qf4
{[%clk 0:02:03]} Rc6 {[%clk 0:00:41]} 29. e4 {[%clk 0:01:44]} dxe4 30. d5 Nxd5
{[%clk 0:00:24]} 31. Qe5+ {[%clk 0:01:40]} Kf8 {[%clk 0:00:24]} 32. Qb8+
{[%clk 0:01:26]} Kg7 {[%clk 0:00:25]} 33. Qe5+ {[%clk 0:01:22]} Nf6
{[%clk 0:00:23]} 34. fxe4 {[%clk 0:01:22]} Rc4 {[%clk 0:00:14]} 35. Qg3+
{[%clk 0:01:19]} Kf8 {[%clk 0:00:13]} 36. Qd6+ {[%clk 0:01:19]} Kg7
{[%clk 0:00:12]} 37. Qg3+ {[%clk 0:01:20]} Kh8 {[%clk 0:00:10]} 38. Qe5
{[%clk 0:01:22]} Rc6 {[%clk 0:00:10]} 39. Qb2 {[%clk 0:01:02]} Rgc8
{[%clk 0:00:11]} 40. Kg3 {[%clk 0:00:52]} Rc3+ {[%clk 0:00:11]} 41. Kf4
{[%clk 0:00:54]} R8c4 {[%clk 0:00:12]} 42. Qd2 {[%clk 0:00:43]} Rxe4+
{[%clk 0:00:12]} 43. Kg5 {[%clk 0:00:44]} Rc6 {[%clk 0:00:11]} 44. Kh6
{[%clk 0:00:20]} Rh4+ {[%clk 0:00:09]} 45. Kg5 {[%clk 0:00:21]} Rg4+
{[%clk 0:00:10]} 46. Kh6 {[%clk 0:00:22]} Ne4+ {[%clk 0:00:09]} 47. Kh5
{[%clk 0:00:22]} Nxd2 {[%clk 0:00:09]} 0-1

[Event "blitmenteam"]
[Site "?"]
[Date "2016.10.07"]
[Round "4.12"]
[White "Lugovskoy, Maxim"]
[Black "Papenin, Nikolai"]
[Result "1-0"]
[LiveChessVersion "1.4.4"]
[BlackElo "2334"]
[WhiteElo "2427"]

1. d4 {[%clk 0:03:03]} Nf6 {[%clk 0:03:03]} 2. Nc3 {[%clk 0:03:04]} c5
{[%clk 0:03:00]} 3. d5 {[%clk 0:03:05]} d6 {[%clk 0:03:00]} 4. e4
{[%clk 0:03:06]} g6 {[%clk 0:03:02]} 5. Nf3 {[%clk 0:02:58]} Bg7 {[%clk 0:03:03]}
6. Be2 {[%clk 0:03:00]} O-O {[%clk 0:03:03]} 7. O-O {[%clk 0:03:00]} e6
{[%clk 0:03:04]} 8. Bg5 {[%clk 0:02:57]} h6 {[%clk 0:03:03]} 9. Bh4
{[%clk 0:02:58]} exd5 {[%clk 0:02:50]} 10. Nxd5 {[%clk 0:02:59]} g5
{[%clk 0:02:51]} 11. Nxf6+ {[%clk 0:02:56]} Qxf6 {[%clk 0:02:48]} 12. Bg3
{[%clk 0:02:57]} Rd8 13. c3 Nc6 {[%clk 0:02:25]} 14. Qc2 {[%clk 0:02:52]} Bg4
{[%clk 0:02:08]} 15. h3 {[%clk 0:02:53]} Bh5 {[%clk 0:02:06]} 16. Rad1
{[%clk 0:02:53]} Bg6 {[%clk 0:02:02]} 17. Bc4 {[%clk 0:02:44]} Bh5
{[%clk 0:01:57]} 18. Be2 {[%clk 0:02:41]} Bg6 {[%clk 0:01:58]} 19. Bc4
{[%clk 0:02:28]} Bh5 {[%clk 0:01:54]} 20. Rd3 {[%clk 0:02:30]} Ne7
{[%clk 0:01:24]} 21. Rfd1 {[%clk 0:02:28]} Ng6 {[%clk 0:01:25]} 22. Rxd6
{[%clk 0:02:27]} Qe7 {[%clk 0:01:09]} 23. Qd3 {[%clk 0:02:12]} Rxd6
{[%clk 0:01:00]} 24. Bxd6 {[%clk 0:02:13]} Qf6 {[%clk 0:00:56]} 25. Bxc5
{[%clk 0:02:10]} Nf4 {[%clk 0:00:56]} 26. Qe3 {[%clk 0:02:02]} Nxh3+
{[%clk 0:00:43]} 27. gxh3 {[%clk 0:02:01]} Bxf3 {[%clk 0:00:44]} 28. Rd6
{[%clk 0:01:55]} Qf4 {[%clk 0:00:40]} 29. Qxf4 {[%clk 0:01:52]} gxf4
{[%clk 0:00:41]} 30. Rd7 {[%clk 0:01:43]} Bh5 {[%clk 0:00:39]} 31. Bd6
{[%clk 0:01:22]} Re8 {[%clk 0:00:30]} 32. Bd5 {[%clk 0:01:23]} Kh8
{[%clk 0:00:09]} 33. Bxf4 {[%clk 0:01:22]} f5 {[%clk 0:00:09]} 34. exf5
{[%clk 0:01:11]} Re2 {[%clk 0:00:10]} 35. Rd8+ {[%clk 0:01:10]} Kh7
{[%clk 0:00:11]} 36. Bg8+ {[%clk 0:01:11]} Kh8 {[%clk 0:00:12]} 37. Bc4+
{[%clk 0:01:11]} Re8 {[%clk 0:00:13]} 38. Rxe8+ Bxe8 {[%clk 0:00:14]} 39. Be3
{[%clk 0:01:11]} b6 {[%clk 0:00:15]} 40. Bd4 {[%clk 0:01:12]} Kh7
{[%clk 0:00:14]} 41. f6 {[%clk 0:01:12]} Bf8 42. f7 {[%clk 0:01:12]} Bd7
{[%clk 0:00:16]} 43. Bd3+ {[%clk 0:01:13]} 1-0

[Event "blitmenteam"]
[Site "?"]
[Date "2016.10.07"]
[Round "4.13"]
[White "Alekseev, Evgeny"]
[Black "Golubov, Saveliy"]
[Result "1-0"]
[LiveChessVersion "1.4.4"]
[BlackElo "2530"]
[WhiteElo "2662"]

1. e4 {[%clk 0:03:03]} e5 {[%clk 0:03:02]} 2. Nf3 {[%clk 0:03:04]} Nc6
{[%clk 0:03:04]} 3. Bc4 {[%clk 0:03:04]} Bc5 {[%clk 0:03:05]} 4. c3
{[%clk 0:03:06]} Nf6 {[%clk 0:03:06]} 5. d3 {[%clk 0:03:07]} d6 {[%clk 0:03:08]}
6. a4 {[%clk 0:03:05]} a6 {[%clk 0:03:08]} 7. O-O {[%clk 0:03:02]} h6
{[%clk 0:03:09]} 8. Na3 {[%clk 0:02:54]} O-O {[%clk 0:03:09]} 9. Nc2
{[%clk 0:02:49]} Ba7 {[%clk 0:02:58]} 10. Be3 {[%clk 0:02:47]} Ne7
{[%clk 0:02:57]} 11. Bxa7 {[%clk 0:02:46]} Rxa7 {[%clk 0:02:58]} 12. Ne3
{[%clk 0:02:40]} c6 {[%clk 0:02:55]} 13. Bb3 {[%clk 0:02:20]} Be6
{[%clk 0:02:54]} 14. Bc2 {[%clk 0:02:16]} Ra8 {[%clk 0:02:37]} 15. d4
{[%clk 0:02:13]} exd4 {[%clk 0:02:30]} 16. cxd4 {[%clk 0:01:54]} d5
{[%clk 0:01:41]} 17. e5 {[%clk 0:01:52]} Ne4 {[%clk 0:01:40]} 18. Nd2
{[%clk 0:01:37]} Nxd2 {[%clk 0:01:05]} 19. Qxd2 {[%clk 0:01:37]} c5
{[%clk 0:01:06]} 20. f4 {[%clk 0:01:09]} cxd4 {[%clk 0:01:07]} 21. Qxd4
{[%clk 0:01:10]} Nc6 {[%clk 0:01:04]} 22. Qd3 {[%clk 0:01:08]} g6
{[%clk 0:00:59]} 23. f5 {[%clk 0:01:09]} Nxe5 {[%clk 0:00:46]} 24. Qd4
{[%clk 0:01:01]} Nc6 {[%clk 0:00:47]} 25. Qd2 {[%clk 0:00:46]} gxf5
{[%clk 0:00:28]} 26. Nxf5 {[%clk 0:00:43]} Bxf5 {[%clk 0:00:29]} 27. Rxf5
{[%clk 0:00:44]} Qd6 {[%clk 0:00:23]} 28. Rxd5 {[%clk 0:00:39]} Qf6
{[%clk 0:00:24]} 29. Rf1 {[%clk 0:00:39]} Qg7 {[%clk 0:00:03]} 30. Rf3
{[%clk 0:00:36]} Ne7 {[%clk 0:00:05]} 31. Rd7 {[%clk 0:00:22]} Nc6
{[%clk 0:00:03]} 32. Rg3 {[%clk 0:00:21]} 1-0

[Event "blitmenteam"]
[Site "?"]
[Date "2016.10.07"]
[Round "4.14"]
[White "Ivanov, Alexander Al."]
[Black "Romanov, Evgeny"]
[Result "0-1"]
[LiveChessVersion "1.4.4"]
[BlackElo "2518"]
[WhiteElo "2313"]

1. e4 {[%clk 0:03:03]} e5 {[%clk 0:03:04]} 2. Nf3 {[%clk 0:03:04]} Nc6
{[%clk 0:03:04]} 3. Bc4 {[%clk 0:03:05]} Bc5 {[%clk 0:03:05]} 4. d3
{[%clk 0:03:06]} d6 {[%clk 0:03:02]} 5. h3 {[%clk 0:03:07]} Nf6 {[%clk 0:03:00]}
6. Nc3 {[%clk 0:03:07]} Na5 {[%clk 0:02:56]} 7. Bg5 {[%clk 0:02:58]} Nxc4
{[%clk 0:02:47]} 8. dxc4 {[%clk 0:02:58]} h6 {[%clk 0:02:42]} 9. Bxf6
{[%clk 0:02:28]} Qxf6 {[%clk 0:02:43]} 10. Nd5 {[%clk 0:02:29]} Qd8
{[%clk 0:02:44]} 11. b4 {[%clk 0:02:27]} Bb6 {[%clk 0:02:45]} 12. a4
{[%clk 0:02:22]} c6 {[%clk 0:02:45]} 13. Nxb6 {[%clk 0:02:12]} axb6
{[%clk 0:02:45]} 14. c5 {[%clk 0:01:30]} bxc5 {[%clk 0:02:45]} 15. bxc5
{[%clk 0:01:30]} Qa5+ {[%clk 0:02:46]} 16. Qd2 {[%clk 0:01:31]} Qxc5
{[%clk 0:02:46]} 17. O-O {[%clk 0:01:32]} O-O {[%clk 0:02:41]} 18. a5
{[%clk 0:01:27]} Be6 {[%clk 0:02:34]} 19. Rfb1 {[%clk 0:01:26]} Ra7
{[%clk 0:02:32]} 20. Rd1 {[%clk 0:01:12]} Rd8 {[%clk 0:02:28]} 21. Ne1
{[%clk 0:01:08]} Raa8 {[%clk 0:02:12]} 22. Rdb1 {[%clk 0:00:59]} Rd7
{[%clk 0:02:10]} 23. Nd3 {[%clk 0:00:56]} Qa7 {[%clk 0:02:04]} 24. Qb4
{[%clk 0:00:52]} f5 {[%clk 0:01:54]} 25. Kh1 {[%clk 0:00:31]} fxe4
{[%clk 0:01:42]} 26. Qxe4 {[%clk 0:00:32]} Rf7 {[%clk 0:01:39]} 27. f3
{[%clk 0:00:22]} Qd4 {[%clk 0:01:18]} 28. Qxd4 {[%clk 0:00:21]} exd4
{[%clk 0:01:19]} 29. Rb4 {[%clk 0:00:16]} c5 {[%clk 0:01:17]} 30. Rb6
{[%clk 0:00:17]} Ra6 {[%clk 0:01:09]} 31. Rxa6 {[%clk 0:00:15]} bxa6
{[%clk 0:01:10]} 32. Rb1 {[%clk 0:00:16]} Bc4 {[%clk 0:01:05]} 33. Rb8+
{[%clk 0:00:15]} Rf8 {[%clk 0:01:04]} 34. Rb6 {[%clk 0:00:16]} Rf6
{[%clk 0:01:05]} 35. Nf2 {[%clk 0:00:13]} d5 {[%clk 0:00:52]} 36. Rb8+
{[%clk 0:00:14]} Rf8 {[%clk 0:00:53]} 37. Rb6 {[%clk 0:00:12]} Re8
{[%clk 0:00:44]} 38. Rc6 {[%clk 0:00:12]} Re2 {[%clk 0:00:43]} 39. Ng4
{[%clk 0:00:14]} Rxc2 {[%clk 0:00:43]} 40. Rxc5 {[%clk 0:00:13]} d3
{[%clk 0:00:43]} 41. Ne3 {[%clk 0:00:06]} d2 {[%clk 0:00:40]} 0-1

[Event "blitmenteam"]
[Site "?"]
[Date "2016.10.07"]
[Round "4.15"]
[White "Levin, Evgeny A."]
[Black "Uzhva, Andrey"]
[Result "1-0"]
[LiveChessVersion "1.4.4"]
[BlackElo "2132"]
[WhiteElo "2480"]

1. d4 {[%clk 0:03:03]} Nf6 {[%clk 0:02:53]} 2. c4 {[%clk 0:03:03]} g6
{[%clk 0:02:53]} 3. Nc3 {[%clk 0:03:04]} d5 {[%clk 0:02:54]} 4. cxd5
{[%clk 0:03:05]} Nxd5 {[%clk 0:02:56]} 5. Bd2 {[%clk 0:03:06]} Bg7
{[%clk 0:02:56]} 6. e4 {[%clk 0:03:07]} Nxc3 {[%clk 0:02:56]} 7. Bxc3
{[%clk 0:03:08]} O-O {[%clk 0:02:57]} 8. Qd2 {[%clk 0:03:09]} c6 {[%clk 0:02:55]}
9. Nf3 {[%clk 0:03:06]} h6 {[%clk 0:02:57]} 10. Be2 {[%clk 0:03:04]} Be6
{[%clk 0:02:58]} 11. O-O {[%clk 0:03:04]} Nd7 {[%clk 0:02:58]} 12. Rfd1
{[%clk 0:03:03]} Nb6 {[%clk 0:02:59]} 13. Qc2 {[%clk 0:02:56]} Bc4
{[%clk 0:02:54]} 14. a4 {[%clk 0:02:55]} Bxe2 {[%clk 0:02:54]} 15. Qxe2
{[%clk 0:02:56]} Qd6 {[%clk 0:02:41]} 16. a5 {[%clk 0:02:51]} Nd7
{[%clk 0:02:42]} 17. a6 {[%clk 0:02:51]} b6 {[%clk 0:02:36]} 18. Qe3
{[%clk 0:02:47]} Rac8 {[%clk 0:02:07]} 19. Rd2 {[%clk 0:02:47]} Qe6
{[%clk 0:01:55]} 20. Qe2 {[%clk 0:02:33]} Kh7 {[%clk 0:01:42]} 21. Rad1
{[%clk 0:02:32]} Qb3 {[%clk 0:01:43]} 22. h4 {[%clk 0:02:28]} Rfe8
{[%clk 0:01:27]} 23. h5 {[%clk 0:01:51]} Qe6 {[%clk 0:00:54]} 24. Re1
{[%clk 0:01:13]} Qg4 {[%clk 0:00:47]} 25. hxg6+ {[%clk 0:01:13]} fxg6
{[%clk 0:00:47]} 26. Qe3 {[%clk 0:00:39]} Rf8 {[%clk 0:00:48]} 27. Ne5
{[%clk 0:00:38]} Nxe5 {[%clk 0:00:42]} 28. dxe5 {[%clk 0:00:39]} Rcd8
{[%clk 0:00:31]} 29. Ree2 {[%clk 0:00:25]} Qe6 {[%clk 0:00:27]} 30. f4
{[%clk 0:00:20]} Qg4 {[%clk 0:00:25]} 31. g3 {[%clk 0:00:17]} g5 {[%clk 0:00:20]}
32. f5 {[%clk 0:00:17]} h5 {[%clk 0:00:16]} 33. Kg2 {[%clk 0:00:10]} h4
{[%clk 0:00:14]} 34. Qf3 {[%clk 0:00:10]} Qxg3+ {[%clk 0:00:07]} 35. Qxg3
{[%clk 0:00:10]} hxg3 {[%clk 0:03:02]} 36. Kxg3 {[%clk 0:00:11]} 1-0

[Event "blitmenteam"]
[Site "?"]
[Date "2016.10.07"]
[Round "4.16"]
[White "Ivlev, Aleksey"]
[Black "Usmanov, Vasily"]
[Result "1-0"]
[LiveChessVersion "1.4.4"]
[BlackElo "2396"]
[WhiteElo "2331"]

1. d4 {[%clk 0:03:04]} Nf6 {[%clk 0:03:03]} 2. Nf3 {[%clk 0:03:05]} e6
{[%clk 0:03:05]} 3. c4 {[%clk 0:03:05]} Bb4+ {[%clk 0:03:06]} 4. Nbd2
{[%clk 0:03:06]} Qe7 {[%clk 0:03:07]} 5. a3 {[%clk 0:03:06]} Bxd2+ 6. Qxd2
{[%clk 0:03:07]} b6 {[%clk 0:03:08]} 7. g3 {[%clk 0:03:09]} Bb7 {[%clk 0:03:09]}
8. Bg2 {[%clk 0:03:10]} O-O {[%clk 0:03:09]} 9. O-O {[%clk 0:03:11]} d6
{[%clk 0:03:10]} 10. b3 {[%clk 0:03:11]} Nbd7 {[%clk 0:03:11]} 11. Bb2
{[%clk 0:03:12]} Ne4 {[%clk 0:03:10]} 12. Qc2 {[%clk 0:03:13]} f5
{[%clk 0:03:10]} 13. Rad1 {[%clk 0:02:52]} Rae8 {[%clk 0:03:02]} 14. d5
{[%clk 0:02:53]} e5 {[%clk 0:02:58]} 15. Nh4 {[%clk 0:02:52]} g6 {[%clk 0:02:32]}
16. Bxe4 {[%clk 0:02:53]} fxe4 17. Qxe4 {[%clk 0:02:54]} Bc8 {[%clk 0:02:29]} 18.
Ng2 {[%clk 0:02:27]} Nc5 {[%clk 0:02:25]} 19. Qe3 {[%clk 0:02:27]} Rf5
{[%clk 0:02:10]} 20. b4 {[%clk 0:02:24]} Nd7 {[%clk 0:02:07]} 21. Qd3 Nf6
{[%clk 0:01:44]} 22. e4 {[%clk 0:01:53]} Rh5 {[%clk 0:01:46]} 23. Ne3
{[%clk 0:01:54]} Bh3 {[%clk 0:01:42]} 24. Rfe1 {[%clk 0:01:55]} Rf8
{[%clk 0:01:39]} 25. c5 {[%clk 0:01:49]} Ng4 {[%clk 0:01:37]} 26. cxd6
{[%clk 0:01:43]} Nxh2 {[%clk 0:01:14]} 27. Nf5 {[%clk 0:01:44]} Qf7
{[%clk 0:01:01]} 28. Ne7+ {[%clk 0:01:45]} Kg7 {[%clk 0:00:58]} 29. f4
{[%clk 0:01:46]} cxd6 {[%clk 0:00:56]} 30. Nc6 {[%clk 0:01:38]} Bg4
{[%clk 0:00:50]} 31. Rf1 {[%clk 0:01:29]} Nxf1 {[%clk 0:00:47]} 32. Rxf1
{[%clk 0:01:30]} h6 {[%clk 0:00:42]} 33. Nd8 {[%clk 0:01:05]} Rxd8
{[%clk 0:00:21]} 34. fxe5 {[%clk 0:01:05]} Qg8 {[%clk 0:00:15]} 35. e6+
{[%clk 0:01:06]} Re5 {[%clk 0:00:08]} 36. Bxe5+ {[%clk 0:01:06]} dxe5
{[%clk 0:00:09]} 37. Qc3 {[%clk 0:01:08]} Rf8 {[%clk 0:00:08]} 38. Qxe5+
{[%clk 0:01:08]} Kh7 {[%clk 0:00:09]} 39. Qc7+ Qg7 40. Qxg7+ {[%clk 0:00:21]}
Kxg7 {[%clk 0:00:12]} 41. Rc1 {[%clk 0:00:22]} Kf6 {[%clk 0:00:12]} 42. Rc7
{[%clk 0:00:23]} Ke5 {[%clk 0:00:12]} 43. Rxa7 {[%clk 0:00:19]} Kxe4
{[%clk 0:00:09]} 44. e7 {[%clk 0:00:21]} Rc8 {[%clk 0:00:05]} 45. d6
{[%clk 0:00:20]} Rc1+ {[%clk 0:00:06]} 46. Kf2 {[%clk 0:00:20]} Rc2+
{[%clk 0:00:07]} 47. Ke1 {[%clk 0:00:21]} Re2+ {[%clk 0:00:08]} 48. Kf1
{[%clk 0:00:22]} Kf3 {[%clk 0:00:07]} 49. d7 {[%clk 0:00:11]} Rf2+
{[%clk 0:00:07]} 50. Ke1 {[%clk 0:00:10]} Re2+ {[%clk 0:00:08]} 51. Kd1
{[%clk 0:00:10]} Bxd7 {[%clk 0:00:05]} 52. Rxd7 {[%clk 0:00:09]} Re6
{[%clk 0:00:06]} 53. a4 {[%clk 0:00:09]} Kxg3 {[%clk 0:00:07]} 54. a5
{[%clk 0:00:10]} bxa5 {[%clk 0:00:08]} 55. bxa5 {[%clk 0:00:11]} h5
{[%clk 0:00:08]} 56. a6 {[%clk 0:00:13]} h4 {[%clk 0:00:04]} 57. a7
{[%clk 0:00:13]} h3 {[%clk 0:00:05]} 58. a8=Q {[%clk 0:00:14]} h2
{[%clk 0:00:05]} 59. Rd3+ {[%clk 0:00:15]} Kh4 {[%clk 0:00:06]} 60. Qg2
{[%clk 0:00:13]} 1-0

[Event "blitmenteam"]
[Site "?"]
[Date "2016.10.07"]
[Round "4.17"]
[White "Gabrielian, Artur"]
[Black "Sychev, Klementy"]
[Result "0-1"]
[LiveChessVersion "1.4.4"]
[BlackElo "2516"]
[WhiteElo "2573"]

1. e4 {[%clk 0:03:03]} e5 {[%clk 0:03:04]} 2. Nf3 {[%clk 0:03:04]} Nc6
{[%clk 0:03:05]} 3. Bc4 {[%clk 0:03:05]} Nf6 {[%clk 0:03:06]} 4. d3
{[%clk 0:03:06]} Be7 {[%clk 0:03:07]} 5. a3 {[%clk 0:03:07]} O-O {[%clk 0:03:07]}
6. Ba2 {[%clk 0:03:07]} d5 {[%clk 0:02:33]} 7. exd5 {[%clk 0:03:05]} Nxd5
{[%clk 0:02:33]} 8. O-O {[%clk 0:03:05]} Bg4 {[%clk 0:02:35]} 9. h3
{[%clk 0:03:05]} Bh5 {[%clk 0:02:35]} 10. Re1 {[%clk 0:02:59]} f6
{[%clk 0:01:49]} 11. Nbd2 {[%clk 0:02:56]} Kh8 {[%clk 0:01:48]} 12. Ne4
{[%clk 0:02:28]} Nd4 {[%clk 0:01:42]} 13. g4 {[%clk 0:02:29]} Nxf3+ 14. Qxf3
{[%clk 0:02:30]} Bf7 {[%clk 0:01:44]} 15. Ng3 {[%clk 0:02:20]} c6
{[%clk 0:01:30]} 16. Bd2 {[%clk 0:02:17]} Bc5 {[%clk 0:01:25]} 17. Rad1
{[%clk 0:02:17]} Qb6 {[%clk 0:01:21]} 18. Bc1 {[%clk 0:02:18]} a5
{[%clk 0:01:12]} 19. Bc4 {[%clk 0:02:19]} Rad8 {[%clk 0:01:11]} 20. Ne4
{[%clk 0:01:51]} Be7 {[%clk 0:01:11]} 21. h4 {[%clk 0:01:48]} Nc7
{[%clk 0:00:44]} 22. Bxf7 {[%clk 0:01:24]} Rxf7 {[%clk 0:00:45]} 23. d4
{[%clk 0:01:00]} Rff8 {[%clk 0:00:34]} 24. dxe5 fxe5 {[%clk 0:00:35]} 25. Rxd8
{[%clk 0:00:52]} Rxd8 {[%clk 0:00:33]} 26. Qf7 {[%clk 0:00:19]} Nd5
{[%clk 0:00:35]} 27. c4 {[%clk 0:00:16]} Rf8 {[%clk 0:00:36]} 28. Qe6
{[%clk 0:00:17]} Bxh4 {[%clk 0:00:37]} 29. Re2 {[%clk 0:00:10]} Qb3
{[%clk 0:00:32]} 30. cxd5 {[%clk 0:00:05]} Qd1+ {[%clk 0:00:33]} 31. Kg2
{[%clk 0:00:07]} Qxe2 {[%clk 0:00:34]} 32. Be3 {[%clk 0:00:08]} Bxf2
{[%clk 0:00:32]} 33. Nxf2 {[%clk 0:00:05]} Qf3+ {[%clk 0:00:28]} 34. Kh2
{[%clk 0:00:04]} Qxe3 {[%clk 0:00:29]} 35. Nh3 {[%clk 0:00:05]} Qd2+
{[%clk 0:00:25]} 36. Kg3 {[%clk 0:00:06]} Qxd5 {[%clk 0:00:25]} 37. Qe7
{[%clk 0:00:07]} Qf3+ {[%clk 0:00:24]} 38. Kh4 {[%clk 0:00:09]} Qf6+
{[%clk 0:00:25]} 0-1